000 00401nam a2200145Ia 4500
008 230917s9999||||xx |||||||||||||| ||und||
040 _e202004
_aMAIN
041 _aEnglish
082 _a822.08 N315N
100 _aShillong Forum For English Studies, ed.
245 0 _aNehu anthology of short plays and biographies
260 _aHyderabad
_bOrient Blackswan
_c2010
300 _a56 p.
942 _cBK
999 _c170460
_d170460